<?xml version="1.0" encoding="UTF-8"?>
<record
    xmlns:xsi="http://www.w3.org/2001/XMLSchema-instance"
    xsi:schemaLocation="http://www.loc.gov/MARC21/slim http://www.loc.gov/standards/marcxml/schema/MARC21slim.xsd"
    xmlns="http://www.loc.gov/MARC21/slim">

  <leader>02406nam a2200277 a 4500</leader>
  <controlfield tag="001">000012724</controlfield>
  <controlfield tag="005">20240305140451.0</controlfield>
  <controlfield tag="008">091116s2001    dr     gr     001 0 spa d</controlfield>
  <datafield tag="020" ind1=" " ind2=" ">
    <subfield code="a">9993483508</subfield>
  </datafield>
  <datafield tag="040" ind1=" " ind2=" ">
    <subfield code="a">DO-SdBNP</subfield>
    <subfield code="b">spa</subfield>
    <subfield code="c">BNPHU</subfield>
  </datafield>
  <datafield tag="082" ind1=" " ind2=" ">
    <subfield code="a">365.97293</subfield>
    <subfield code="b">R175p</subfield>
  </datafield>
  <datafield tag="100" ind1="1" ind2=" ">
    <subfield code="a">Ramos Jer&#xE9;z, Leoncio,</subfield>
    <subfield code="d">1894-1971</subfield>
    <subfield code="9">17088</subfield>
  </datafield>
  <datafield tag="245" ind1="1" ind2="0">
    <subfield code="a">Yo pas&#xE9; un d&#xED;a en Sing-Sing y otros escritos /</subfield>
    <subfield code="c">Leoncio Ramos ; editor Wilfredo Mora.</subfield>
  </datafield>
  <datafield tag="260" ind1=" " ind2=" ">
    <subfield code="a">Santo Domingo :</subfield>
    <subfield code="b">B&#xFA;ho,</subfield>
    <subfield code="c">2001.</subfield>
  </datafield>
  <datafield tag="300" ind1=" " ind2=" ">
    <subfield code="a">157 p. ;</subfield>
    <subfield code="c">22 cm.</subfield>
  </datafield>
  <datafield tag="490" ind1="1" ind2=" ">
    <subfield code="a">Pensamiento criminol&#xF3;gico dominicano</subfield>
    <subfield code="v">1</subfield>
    <subfield code="a">Cuadernos de la c&#xE1;rcel</subfield>
  </datafield>
  <datafield tag="500" ind1=" " ind2=" ">
    <subfield code="a">Incluye semblanza del autor.</subfield>
  </datafield>
  <datafield tag="505" ind1="0" ind2=" ">
    <subfield code="g">Semblanza de Leoncio Ramos /</subfield>
    <subfield code="r">Wellington Ramos Messina --</subfield>
    <subfield code="t">Yo pas&#xE9; un d&#xED;a en Sing-Sing:</subfield>
    <subfield code="t">Estampas del pasado --</subfield>
    <subfield code="t">"Si&#xF1;o Pepe jata luego" --</subfield>
    <subfield code="t">"Universidad no"; "Agencia de ex&#xE1;menes" --</subfield>
    <subfield code="t">El uso del cepo es un delito --</subfield>
    <subfield code="t">De b&#xE1;rbaros a civilizados en un d&#xED;a --</subfield>
    <subfield code="t">Quien siembre dolor e injusticia eso cosechar&#xE1; --</subfield>
    <subfield code="t">Un ap&#xF3;stol y un monumento --</subfield>
    <subfield code="t">Silencio a fuerza de l&#xE1;tigo --</subfield>
    <subfield code="t">Tuberculosis, locura y suicidio fue la cosecha --</subfield>
    <subfield code="t">Hechos humanos humanamente tratados --</subfield>
    <subfield code="t">&#xA1;Delincuentes por apasionados! --</subfield>
    <subfield code="t">&#xBF;Esclavos de la carne o de la sociedad? --</subfield>
    <subfield code="t">&#xA1;Los muertos mandan! --</subfield>
    <subfield code="t">Somos tres en uno --</subfield>
    <subfield code="t">Por algo los marc&#xF3; la naturaleza --</subfield>
    <subfield code="t">Cambio de legislaci&#xF3;n pero no de concepto --</subfield>
    <subfield code="t">Ni&#xF1;os con sus madres en la c&#xE1;rcel --</subfield>
    <subfield code="t">Siempre tras el futuro prohibido --</subfield>
    <subfield code="t">Los idealistas y los hombres de acci&#xF3;n --</subfield>
    <subfield code="t">&#xBF;Un mal necesario la prostituci&#xF3;n? --</subfield>
    <subfield code="t">&#xBF;Prostitutas o v&#xED;ctimas? --</subfield>
    <subfield code="t">Justicia al estilo de Salom&#xF3;n --</subfield>
    <subfield code="t">&#xBF;Un poder del Estado el Judicial? --</subfield>
    <subfield code="t">Concepto de la justicia y de su dignidad --</subfield>
    <subfield code="t">La pol&#xED;tica en la justicia --</subfield>
    <subfield code="g">Otros escritos:</subfield>
    <subfield code="t">Programa de estudio para la preparaci&#xF3;n del personal de prisiones:</subfield>
    <subfield code="t">Formaci&#xF3;n de funcionarios de direcci&#xF3;n --</subfield>
    <subfield code="t">Curso inicial para guardias de custodios y otros trabajadores de servicios generales --</subfield>
    <subfield code="t">Exposici&#xF3;n de motivos acerca del programa de estudios.</subfield>
  </datafield>
  <datafield tag="650" ind1=" " ind2="4">
    <subfield code="a">Prisiones</subfield>
    <subfield code="x">Rep&#xFA;blica dominicana</subfield>
    <subfield code="x">Ensayos, conferencias, etc.</subfield>
    <subfield code="9">29488</subfield>
  </datafield>
  <datafield tag="650" ind1=" " ind2="4">
    <subfield code="a">Abogados</subfield>
    <subfield code="x">Ensayos, conferencias, etc.</subfield>
    <subfield code="9">29489</subfield>
  </datafield>
  <datafield tag="650" ind1=" " ind2="4">
    <subfield code="a">Diarios dominicanos</subfield>
    <subfield code="x">Secciones, columnas, etc.</subfield>
    <subfield code="9">44</subfield>
  </datafield>
  <datafield tag="700" ind1="1" ind2=" ">
    <subfield code="a">Mora, Wilfredo,</subfield>
    <subfield code="d">1965-</subfield>
    <subfield code="e">ed.</subfield>
    <subfield code="9">12701</subfield>
  </datafield>
  <datafield tag="730" ind1="0" ind2=" ">
    <subfield code="a">La Oplini&#xF3;n (Rep&#xFA;blica Dominicana)</subfield>
    <subfield code="9">29490</subfield>
  </datafield>
  <datafield tag="830" ind1=" " ind2="0">
    <subfield code="a">Pensamiento criminol&#xF3;gico dominicano</subfield>
    <subfield code="v">1</subfield>
    <subfield code="p">Cuaderno de la c&#xE1;rcel</subfield>
    <subfield code="9">29491</subfield>
  </datafield>
  <datafield tag="910" ind1=" " ind2=" ">
    <subfield code="a">Validado. Control de calidad. EMS</subfield>
  </datafield>
  <datafield tag="952" ind1=" " ind2=" ">
    <subfield code="0">0</subfield>
    <subfield code="1">0</subfield>
    <subfield code="5">4</subfield>
    <subfield code="7">0</subfield>
    <subfield code="8">DS</subfield>
    <subfield code="a">GR</subfield>
    <subfield code="b">GR</subfield>
    <subfield code="c">HD</subfield>
    <subfield code="d">2013-06-28</subfield>
    <subfield code="i">LF1</subfield>
    <subfield code="l">0</subfield>
    <subfield code="o">365.97293 R175p</subfield>
    <subfield code="p">12724-40</subfield>
    <subfield code="r">2020-06-25</subfield>
    <subfield code="t">e. 3</subfield>
    <subfield code="w">2020-06-25</subfield>
    <subfield code="y">LFDS</subfield>
    <subfield code="Z">Pr&#xE9;stamo en sala</subfield>
  </datafield>
  <datafield tag="952" ind1=" " ind2=" ">
    <subfield code="0">0</subfield>
    <subfield code="1">0</subfield>
    <subfield code="7">1</subfield>
    <subfield code="8">PD</subfield>
    <subfield code="a">PD</subfield>
    <subfield code="b">PD</subfield>
    <subfield code="c">HD</subfield>
    <subfield code="d">2009-11-16</subfield>
    <subfield code="i">LF1</subfield>
    <subfield code="l">0</subfield>
    <subfield code="o">365.97293 R175p</subfield>
    <subfield code="p">12724-10</subfield>
    <subfield code="r">2020-06-25</subfield>
    <subfield code="w">2020-06-25</subfield>
    <subfield code="y">LFPD</subfield>
    <subfield code="Z">No se presta</subfield>
  </datafield>
  <datafield tag="952" ind1=" " ind2=" ">
    <subfield code="0">0</subfield>
    <subfield code="1">0</subfield>
    <subfield code="7">1</subfield>
    <subfield code="8">PD</subfield>
    <subfield code="a">PD</subfield>
    <subfield code="b">PD</subfield>
    <subfield code="c">HD</subfield>
    <subfield code="d">2010-01-20</subfield>
    <subfield code="i">LF1</subfield>
    <subfield code="l">0</subfield>
    <subfield code="o">365.97293 R175p</subfield>
    <subfield code="p">12724-20</subfield>
    <subfield code="r">2020-06-25</subfield>
    <subfield code="t">e. 2</subfield>
    <subfield code="w">2020-06-25</subfield>
    <subfield code="y">LFPD</subfield>
    <subfield code="Z">No se presta</subfield>
  </datafield>
  <datafield tag="999" ind1=" " ind2=" ">
    <subfield code="c">12375</subfield>
    <subfield code="d">12375</subfield>
  </datafield>
</record>
